The church and family. (Record no. 14586)

000 -LEADER
fixed length control field 00641nam a2200205 a 4500
001 - CONTROL NUMBER
control field :::00012418$&:&@@
003 - CONTROL NUMBER IDENTIFIER
control field OkBaRHE
005 - DATE AND TIME OF LATEST TRANSACTION
control field 20000607103419.0
008 - FIXED-LENGTH DATA ELEMENTS--GENERAL INFORMATION
fixed length control field s1980 j 000 0 eng u
040 ## - CATALOGING SOURCE
Transcribing agency
100 1# - MAIN ENTRY--PERSONAL NAME
Personal name Middlebrook, J. D. and Summers, Larry.
245 14 - TITLE STATEMENT
Title The church and family.
260 ## - PUBLICATION, DISTRIBUTION, ETC. (IMPRINT)
Place of publication, distribution, etc Springfield, MO., :
Name of publisher, distributor, etc Gospel Publishing House
Date of publication, distribution, etc c1980
300 ## - PHYSICAL DESCRIPTION
Extent 122 p. ;
Dimensions 19 cm.
650 ## - SUBJECT ADDED ENTRY--TOPICAL TERM
Topical term or geographic name as entry element Church Work with Families
650 ## - SUBJECT ADDED ENTRY--TOPICAL TERM
Topical term or geographic name as entry element Family
700 ## - ADDED ENTRY--PERSONAL NAME
Personal name Summers, Larry, Joint author.
942 ## - ADDED ENTRY ELEMENTS (KOHA)
Source of classification or shelving scheme
Koha item type Books
Copies
Price effective from Damaged status Shelving location Date last seen Source of classification or shelving scheme Koha item type Lost status Not for loan Copy number Permanent Location Withdrawn status Barcode Date acquired Full call number
2010-04-14 General Stacks2010-04-14 Books  1RHEMA Bible Training College 124182010-04-14HQ 728 .M5S8